| 000 | 00482cam a2200193ua 4500 | ||
|---|---|---|---|
| 020 |
_a81 224 0457 x _c150.00 |
||
| 041 |
_aeng _h |
||
| 082 |
_a631.5871 _bASA/IR |
||
| 100 | _aAsawa, G I . | ||
| 245 |
_aIrrigation engineering / _cG I Asawa. _hTextual Documents |
||
| 260 |
_aNew Delhi : _bWiley Eastern Ltd , _c1993. |
||
| 300 | _a568 ; . | ||
| 365 | _a150.00 | ||
| 504 | _a | ||
| 942 | _cBK | ||
| 999 |
_c2690 _d2690 |
||